[Event "Niedersachsen-ch op-C"]
[Site "Verden an der Aller"]
[Date "2020.01.03"]
[Round "3"]
[White "Juergenpott, Maximilian"]
[Black "Meyer, Gerhard"]
[Result "0-1"]
[WhiteElo "1364"]
[BlackElo "1395"]
[PlyCount "100"]
[EventDate "2020.01.02"]
[EventType "swiss"]
[EventRounds "7"]
[EventCountry "GER"]
[SourceTitle "EXT 2023"]
[Source "ChessBase"]
[SourceDate "2022.10.05"]
[SourceVersion "1"]
[SourceVersionDate "2022.10.05"]
[SourceQuality "1"]

1. e4 d5 2. exd5 Nf6 3. Nf3 Bg4 4. Be2 Nxd5 5. d4 e6 6. 0-0 Nd7 7. c4 N5f6 8. Be3 c6 9. Nbd2 Bd6 10. c5 Be7 11. Nc4 Nd5 12. Nce5 Bxf3 13. Nxf3 0-0 14. Qd3 f5 15. Bd2 Qe8 16. Ng5 Bxg5 17. Bxg5 Qg6 18. f4 N7f6 19. Qh3 h6 20. Bxf6 Nxf6 21. Rf3 Nh5 22. Rf2 Nf6 23. Bc4 Nd5 24. Bxd5 exd5 25. Re1 Rae8 26. Rfe2 Re4 27. Rxe4 fxe4 28. g3 Qf6 29. Rd1 Re8 30. Qf1 e3 31. Qd3 Qe6 32. Re1 Kf7 33. Kg2 Qe4+ 34. Qxe4 Rxe4 35. Kf3 Rxd4 36. Rxe3 Rb4 37. b3 b6 38. Rc3 bxc5 39. Rxc5 Rb6 40. Ke3 Ke6 41. Kd4 Kd6 42. Rc3 Rb4+ 43. Kd3 a5 44. a3 Re4 45. Rc4 dxc4+ 46. Kxe4 cxb3 47. Kd3 a4 48. Kc3 Kd5 49. Kd3 h5 50. h3 c5 0-1

[Event "Niedersachsen-ch op-C"]
[Site "Verden an der Aller"]
[Date "2020.01.02"]
[Round "1"]
[White "Gebauer, Daniel"]
[Black "Meyer, Gerhard"]
[Result "0-1"]
[WhiteElo "914"]
[BlackElo "1395"]
[PlyCount "78"]
[EventDate "2020.01.02"]
[EventType "swiss"]
[EventRounds "7"]
[EventCountry "GER"]
[SourceTitle "EXT 2023"]
[Source "ChessBase"]
[SourceDate "2022.10.05"]
[SourceVersion "1"]
[SourceVersionDate "2022.10.05"]
[SourceQuality "1"]

1. e4 d5 2. exd5 Nf6 3. Nc3 Nxd5 4. Bc4 c6 5. Qf3 Be6 6. Nge2 b5 7. Bb3 g6 8. Nf4 Nxf4 9. Qxf4 Bxb3 10. axb3 Bg7 11. Ne4 0-0 12. d3 e5 13. Qe3 a5 14. Ng5 Nd7 15. Qh3 h6 16. Ne4 Kh7 17. Bg5 f6 18. Be3 Qe7 19. Rd1 c5 20. f4 f5 21. Ng5+ Kg8 22. Nf3 exf4 23. 0-0 fxe3 24. Rde1 f4 25. Nh4 Ra6 26. Qg4 Ne5 27. Qd1 Qxh4 28. d4 cxd4 29. Qxd4 Nf3+ 30. Rxf3 Bxd4 31. g3 fxg3 32. Rxg3 e2+ 33. Kh1 Rf1+ 34. Rg1 Rxe1 35. Rxe1 Qxe1+ 36. Kg2 Qg1+ 37. Kf3 Re6 38. c3 Re3+ 39. Kf4 Qg5# 0-1

[Event "Niedersachsen-ch op C"]
[Site "Verden"]
[Date "2019.01.04"]
[Round "4"]
[White "Kieselbach, Jannik"]
[Black "Meyer, Gerhard"]
[Result "1-0"]
[WhiteElo "1416"]
[BlackElo "1461"]
[PlyCount "69"]
[EventDate "2019.01.03"]
[EventType "swiss"]
[EventRounds "7"]
[EventCountry "GER"]
[SourceTitle "EXT 2022"]
[Source "ChessBase"]
[SourceDate "2021.10.06"]
[SourceVersion "1"]
[SourceVersionDate "2021.10.06"]
[SourceQuality "1"]

1. d4 Nf6 2. Nf3 d5 3. e3 Bg4 4. Nbd2 e6 5. Bd3 Nbd7 6. 0-0 c5 7. c3 Bd6 8. Re1 Qc7 9. h3 Bh5 10. Bb1 0-0-0 11. Qa4 Kb8 12. a3 Nb6 13. Qc2 Bg6 14. Qd1 Rhe8 15. b4 c4 16. a4 e5 17. a5 Nbd7 18. Bxg6 hxg6 19. Nb1 e4 20. Nfd2 Rh8 21. Na3 Kc8 22. Nb5 Qb8 23. Nxd6+ Qxd6 24. Ba3 Nb8 25. b5 Qe6 26. Qb1 Rxh3 27. Qb4 Nfd7 28. gxh3 Qxh3 29. Nf1 Rh8 30. Ng3 Qg4 31. Qd6 f5 32. b6 axb6 33. axb6 Nxb6 34. Qxb6 g5 35. Bd6 1-0